| 000 | 00844nam a22002537a 4500 | ||
|---|---|---|---|
| 001 | 35376 | ||
| 003 | BD-RjUL | ||
| 005 | 20211209052317.0 | ||
| 008 | 140524s1977 ii s 001 0 eng d | ||
| 035 | _a(BD-RjUL)35470 | ||
| 040 |
_aBD-RjUL _beng _cBD-RjUL |
||
| 041 | _aeng | ||
| 082 |
_a519.5 _bGOO V-1 1977 |
||
| 100 | 1 |
_aGoon, A. M. _q(Atindra Mohan) _9107760 |
|
| 245 |
_aAn outline of statistical theory / _cby Atindra Mohan Goon; Milan Kumar Gupta; Bhagabat Dasgupta. |
||
| 260 |
_aCalcutta : _bWorld press, _c1977. |
||
| 300 |
_aix, 488 p. ; _c21 cm. |
||
| 504 | _aIncludes index. | ||
| 505 | _av. 1. Probability and probability distribution. | ||
| 650 | 0 |
_aMathematical statistics. _9107761 |
|
| 700 | 1 |
_aGupta, M. K. [joint au.] _q( Milan Kumar) _9107762 |
|
| 700 | 1 |
_aDasgupta, B. _q(Bhagabat Dasgupta) _9107763 |
|
| 942 |
_2ddc _cBK |
||
| 999 |
_c35376 _d35376 |
||